Jak dobrze znasz piosenkę "Wehikuł czasu" zespołu Dżem? - Statystyki

Ogólne statystyki
  • Ten quiz został rozwiązany 255 razy
  • Średni wynik to 18 z 21
Statystyki odpowiedzi
Tekst Brakujące słowo % Poprawnych
Marzeniami żyłem jak ... król
99%
Siódma ... to dla mnie noc rano
98%
Lecz we mnie zostało coś z ... lat tamtych
97%
Nie ... już powrócą
94%
Jam Session do rana - tam ... blues królował
93%
Na szyciu blues'a tak ... mi dzień mijał
93%
Pamiętam dobrze ... swój ideał
92%
Tylko ... do klubu "Puls" nocą
92%
Pracować nie chciałem, ... się włóczyłem
92%
Wehikuł czasu - to byłby ... cud
91%
Wiem jedno, że to nie poszło w ... las
91%
To już ..., ten klimat, ten luz minęło
91%
Za to do "puszki" ... mnie zamykano
90%
Mój mały ..., muzyczny świat intymny
86%
Po knajpach grywałem za ... i chleb piwko
86%
Za to ... zamykano mnie zwykle
86%
Dużo bym dał by ... to znów przeżyć
84%
Ci ... ludzie nie powrócą wspaniali
82%
Gdy tak wspominam ten ... czas miniony
81%
Znów ... do lufy wetknie mi ktoś kwiatek
63%
Mam jeszcze ..., odmieni się los wiarę
59%
Nie znaleziono quizów pasujących do podanych kryteriów
Rozkład punktacji
Procent ludzi z każdym wynikiem
Percentyl według liczby udzielonych odpowiedzi
Twoja historia wyników
Nie rozwiązałeś tego quizu